书目信息 |
| 题名: |
蛮荒记
|
|
| 作者: | 树下野狐 著 ;翁子扬 绘 | |
| 分册: | 3 蜃楼志 | |
| 出版信息: | 北京 新星出版社 2007.02 |
|
| 页数: | 251页 | |
| 开本: | 22cm | |
| 丛书名: | ||
| 单 册: | ||
| 中图分类: | I247.5 | |
| 科图分类: | ||
| 主题词: | 长篇小说--chang pian xiao shuo--中国--当代 | |
| 电子资源: | ||
| ISBN: | 978-7-80225-224-0 | |
| 000 | 00797nam 2200241 450 | |
| 001 | 462524 | |
| 005 | 20100816123139.37 | |
| 010 | @a978-7-80225-224-0@dCNY25.00 | |
| 100 | @a20100515d2007 ekmy0chiy0121 ea | |
| 101 | 0 | @achi |
| 102 | @aCN@b110000 | |
| 105 | @aa z 000ay | |
| 200 | 1 | @a蛮荒记@Aman huang ji@g翁子扬绘@Gweng zi yang hui@h3@i蜃楼志@f树下野狐著 |
| 210 | @a北京@c新星出版社@d2007.02 | |
| 215 | @a251页@c图@d22cm | |
| 330 | @a昆仑蟠桃会后, 五族分裂, 天下离心, 大战再不可避免。短短几年, 铸就了华夏历史最为壮烈绚丽的不朽篇章。 | |
| 517 | 1 | @a蜃楼志@Ashen lou zhi |
| 606 | 0 | @a长篇小说@Achang pian xiao shuo@y中国@z当代 |
| 690 | @aI247.5@v4 | |
| 701 | 0 | @a树下野狐@Ashu xia ye hu@4著 |
| 702 | 0 | @a翁子扬@Aweng zi yang@4绘 |
| 801 | 0 | @aCN@c20100515 |
| 905 | @dI247.5@eS6593:3@f3 | |
| 蛮荒记/翁子扬绘.3.蜃楼志/树下野狐著.-北京:新星出版社,2007.02 |
| 251页:图;22cm |
| ISBN 978-7-80225-224-0:CNY25.00 |
| 昆仑蟠桃会后, 五族分裂, 天下离心, 大战再不可避免。短短几年, 铸就了华夏历史最为壮烈绚丽的不朽篇章。 |
| ● |
| 相关链接 |
|
|
|
正题名:蛮荒记
索取号:I247.5/S6593:3
 
预约/预借
| 序号 | 登录号 | 条形码 | 馆藏地/架位号 | 状态 | 备注 |
| 1 | 1029935 | 210299354 | 文学库108/108文学库 36排5列5层/ [索取号:I247.5/S6593:3] | 在馆 | |
| 2 | 1029936 | 210299363 | 文学库108/108文学库 36排5列5层/ [索取号:I247.5/S6593:3] | 在馆 | |
| 3 | 1029937 | 210299372 | 文学库108/108文学库 36排5列5层/ [索取号:I247.5/S6593:3] | 在馆 |